000 00535nam a2200169 a 4500
001 ASIN0074515128
005 20150428131756.0
008 150428s1984 xxu eng d
020 _a0074515128 (paperback)
020 _a9780074515129 (paperback)
100 1 _aApte, Y.S.
245 1 0 _aLinear multivariable control theory /
_cY.S. Apte.
260 _a[S.l.] :
_bMcGraw-Hill Education,
_c1984.
300 _a164 p.
500 _aImport.
856 4 0 _3Amazon.com
_uhttp://www.amazon.com/exec/obidos/ASIN/0074515128/chopaconline-20
999 _c13388
_d13388